[Event "Schachfestival"]
[Site "Bad WÃ¶rishofen"]
[Date "2011.03.30"]
[Round "8.3"]
[White "Kovacevic, Blazimir"]
[Black "Kveinys, Aloyzas"]
[Result "1/2-1/2"]
[WhiteElo "2466"]
[BlackElo "2506"]
[PlyCount "71"]
[EventDate "2011.??.??"]

1. Nf3 c5 2. c4 Nf6 3. Nc3 g6 4. d4 cxd4 5. Nxd4 Nc6 6. e4 Nxd4 7. Qxd4 d6 8.
Bg5 Bg7 9. Qd2 O-O 10. Bd3 Be6 11. Rc1 Qa5 12. b3 Rfc8 13. f3 a6 14. Na4 Qxd2+
15. Kxd2 Nd7 16. g4 Re8 17. Ke2 Rac8 18. Be3 Rc6 19. Nc3 Bxc3 20. Rxc3 b5 21.
Rhc1 Rec8 22. Bd4 bxc4 23. Bxc4 Bxc4+ 24. Rxc4 Rxc4 25. Rxc4 Rxc4 26. bxc4 Kf8
27. Kd3 Ke8 28. Kc3 Kd8 29. Kb4 Kc7 30. h3 e6 31. g5 Nb8 32. c5 Nc6+ 33. Kc4
Na5+ 34. Kb4 Nc6+ 35. Kc4 Na5+ 36. Kb4 1/2-1/2

[Event "Schachfestival"]
[Site "Bad WÃ¶rishofen"]
[Date "2011.03.30"]
[Round "8.5"]
[White "Mainka, Romuald"]
[Black "Huschenbeth, Niclas"]
[Result "0-1"]
[WhiteElo "2493"]
[BlackElo "2465"]
[PlyCount "95"]
[EventDate "2011.??.??"]

1. e4 c5 2. Nf3 d6 3. d4 cxd4 4. Nxd4 Nf6 5. Nc3 a6 6. Be3 e6 7. Be2 Nbd7 8. a4
b6 9. f4 Bb7 10. Bf3 Qc7 11. Qe2 Be7 12. O-O O-O 13. Kh1 Rfe8 14. e5 Bxf3 15.
Nxf3 Ng4 16. Bd4 Nh6 17. Rad1 Nf5 18. Bf2 Nf8 19. g4 Nh6 20. h3 Ng6 21. Bg3
dxe5 22. fxe5 f5 23. g5 Nf7 24. h4 Rec8 25. Qg2 Qc6 26. Rf2 Bc5 27. Re2 Bb4 28.
h5 Nf8 29. g6 hxg6 30. hxg6 Nh6 31. Be1 Qe8 32. Rd4 Bc5 33. Rh4 Nxg6 34. Rxh6
gxh6 35. Bd2 Ra7 36. Qh3 Bf8 37. Rg2 Rc4 38. Qh5 Rg4 39. Rxg4 fxg4 40. Qxg4 Qf7
41. Ne4 Qf5 42. Nf6+ Kf7 43. Qg3 Rc7 44. c3 Bg7 45. Ng4 Rc4 46. Nd4 Qe4+ 47.
Kg1 Rxd4 48. Kh2 0-1

[Event "Schachfestival"]
[Site "Bad WÃ¶rishofen"]
[Date "2011.03.30"]
[Round "8.11"]
[White "Gutman, Lev"]
[Black "Braun, Christian"]
[Result "1-0"]
[WhiteElo "2430"]
[BlackElo "2383"]
[PlyCount "55"]
[EventDate "2011.??.??"]

1. Nf3 Nf6 2. g3 g6 3. b3 Bg7 4. Bb2 O-O 5. Bg2 d5 6. O-O c6 7. c4 Ne4 8. Bxg7
Kxg7 9. d3 Nf6 10. Qc2 Nbd7 11. Qb2 dxc4 12. bxc4 Re8 13. Nbd2 e5 14. a4 a5 15.
e3 Qe7 16. d4 Ra6 17. c5 b6 18. Nxe5 Nxe5 19. dxe5 Qxe5 20. Qxe5 Rxe5 21. cxb6
Nd7 22. Nc4 Rc5 23. Nd6 Nxb6 24. Rfb1 Be6 25. Bf1 Nc4 26. Rc1 Nxd6 27. Bxa6 Rf5
28. Rxc6 1-0

[Event "Schachfestival"]
[Site "Bad WÃ¶rishofen"]
[Date "2011.03.30"]
[Round "8.13"]
[White "Dittmar, Peter"]
[Black "Szablowski, Pawel"]
[Result "0-1"]
[WhiteElo "2309"]
[BlackElo "2404"]
[PlyCount "86"]
[EventDate "2011.??.??"]

1. Nf3 Nf6 2. c4 c5 3. g3 Nc6 4. Nc3 d5 5. cxd5 Nxd5 6. Nxd5 Qxd5 7. Bg2 e5 8.
d3 Be7 9. O-O O-O 10. a4 Qd8 11. a5 Be6 12. Qa4 Rc8 13. Bd2 Qd7 14. Rfc1 f6 15.
Bc3 Rc7 16. h4 Rfc8 17. Nd2 Kf8 18. Kf1 Qe8 19. Nc4 Nd4 20. Qxe8+ Kxe8 21. Nd2
Bg4 22. e3 Be2+ 23. Kg1 Bxd3 24. Bxd4 cxd4 25. Rxc7 Rxc7 26. exd4 exd4 27. Nf3
Bc5 28. Rc1 Kd8 29. b4 Bxb4 30. Rd1 Bc4 31. Rxd4+ Ke7 32. a6 bxa6 33. Rg4 Kf8
34. Nd4 Ba5 35. Nc6 Be6 36. Rd4 Bb6 37. Rd8+ Kf7 38. Rd2 Rd7 39. Re2 a5 40. Kh2
a4 41. Re4 a3 42. Ra4 a2 43. Nb4 Rd4 0-1

[Event "Schachfestival"]
[Site "Bad WÃ¶rishofen"]
[Date "2011.03.30"]
[Round "8.15"]
[White "Krulich, Roman"]
[Black "Bukal, Vladimir"]
[Result "0-1"]
[WhiteElo "2225"]
[BlackElo "2402"]
[PlyCount "38"]
[EventDate "2011.??.??"]

1. e4 g6 2. d4 d6 3. Nc3 a6 4. a4 Bg7 5. Be3 Nf6 6. h3 O-O 7. Nf3 d5 8. e5 Ne4
9. Nxe4 dxe4 10. Nd2 c5 11. c3 cxd4 12. cxd4 Nc6 13. Nxe4 Qa5+ 14. Nc3 Rd8 15.
f4 Nxd4 16. Bxd4 Qb4 17. Qe2 Rxd4 18. g3 Bf5 19. Rh2 Re4 0-1

[Event "Schachfestival"]
[Site "Bad WÃ¶rishofen"]
[Date "2011.03.30"]
[Round "8.21"]
[White "de Francesco, Klaus"]
[Black "Müller, Jan-Hendrik"]
[Result "1-0"]
[WhiteElo "2282"]
[BlackElo "2105"]
[PlyCount "81"]
[EventDate "2011.??.??"]

1. d4 e6 2. c4 Nf6 3. Nc3 Bb4 4. a3 Bxc3+ 5. bxc3 d5 6. cxd5 Qxd5 7. Nf3 Qa5 8.
Bd2 Ne4 9. e3 b6 10. Bd3 Nxd2 11. Qxd2 Ba6 12. O-O O-O 13. Rfb1 Nd7 14. a4 c5
15. Bb5 Rfd8 16. Qb2 c4 17. Nd2 Rac8 18. Qc1 Rc7 19. Rb4 Rdc8 20. Qf1 Bxb5 21.
axb5 Qxb4 22. cxb4 c3 23. Ne4 c2 24. Rc1 Nf6 25. Nxf6+ gxf6 26. Qe2 Rc4 27. h4
Rxb4 28. Rxc2 Rxc2 29. Qxc2 Rxb5 30. Qc8+ Kg7 31. Qa6 Ra5 32. Qb7 b5 33. e4 Ra4
34. d5 exd5 35. exd5 b4 36. d6 a5 37. Qd5 Ra1+ 38. Kh2 a4 39. d7 b3 40. d8=Q b2
41. Qf5 1-0

[Event "Schachfestival"]
[Site "Bad WÃ¶rishofen"]
[Date "2011.03.30"]
[Round "8.32"]
[White "Lindemann, Christian"]
[Black "Kerber, Alfred"]
[Result "1-0"]
[WhiteElo "2230"]
[BlackElo "2010"]
[PlyCount "65"]
[EventDate "2011.??.??"]

1. d4 e6 2. e4 b5 3. Bxb5 Bb7 4. Nc3 f5 5. exf5 Bxg2 6. Qh5+ g6 7. fxg6 Bg7 8.
gxh7+ Kf8 9. hxg8=Q+ Kxg8 10. Qg6 Bxh1 11. Bg5 Qf8 12. h4 Nc6 13. O-O-O Qf7 14.
Qxf7+ Kxf7 15. Nge2 Bf3 16. Rd3 Bxe2 17. Nxe2 Nb4 18. Rb3 a5 19. Bxd7 Bh6 20.
Rf3+ Kg7 21. Nf4 Bxg5 22. hxg5 Nxa2+ 23. Kd2 Rab8 24. b3 Nb4 25. Nxe6+ Kg6 26.
Rf6+ Kh5 27. f4 Rh7 28. Ng7+ Kh4 29. Rf7 Rbh8 30. g6 Rxg7 31. Rxg7 Kg3 32. Rh7
Rg8 33. g7 1-0

[Event "Schachfestival"]
[Site "Bad WÃ¶rishofen"]
[Date "2011.03.30"]
[Round "8.47"]
[White "Kretschel, Klaus"]
[Black "Wörl, Richard"]
[Result "0-1"]
[WhiteElo "2112"]
[BlackElo "2005"]
[PlyCount "74"]
[EventDate "2011.??.??"]

1. f4 d5 2. Nf3 c6 3. e3 g6 4. Be2 Bg7 5. O-O Bg4 6. d3 Nd7 7. c4 dxc4 8. dxc4
Qb6 9. Qb3 Nc5 10. Qxb6 axb6 11. Nbd2 Nf6 12. a3 O-O-O 13. h3 Bf5 14. g4 Bd3
15. Bxd3 Nxd3 16. Rb1 Nc5 17. Ng5 Rhf8 18. f5 h6 19. Ngf3 gxf5 20. gxf5 Nfe4
21. Re1 Rd3 22. b4 Nxd2 23. Nxd2 Na4 24. Rb3 Bc3 25. Ne4 Rfd8 26. Rf1 f6 27.
Kf2 Be1+ 28. Kxe1 Rxb3 29. Rg1 Rbd3 30. Bd2 Nb2 31. c5 bxc5 32. bxc5 Nc4 33.
Ke2 Nxd2 34. Nd6+ exd6 35. Kxd3 dxc5+ 36. Kc3 Ne4+ 37. Kc4 b5+ 0-1

[Event "Schachfestival Senioren"]
[Site "Bad Woerishofen"]
[Date "2011.03.30"]
[Round "8.8"]
[White "Trnovec, Mihaly"]
[Black "Trescher, Manfred"]
[Result "0-1"]
[WhiteElo "2039"]
[BlackElo "2215"]
[PlyCount "64"]
[EventDate "2011.??.??"]

1. e4 e6 2. d4 d5 3. Nc3 Bb4 4. a3 Bxc3+ 5. bxc3 dxe4 6. Qg4 Nf6 7. Qxg7 Rg8 8.
Qh6 Rg6 9. Qh4 c5 10. Ne2 Nc6 11. Be3 cxd4 12. cxd4 Qa5+ 13. Bd2 Qb6 14. c3 e5
15. Be3 Qb2 16. Rc1 Bg4 17. h3 Bxe2 18. Bxe2 O-O-O 19. Bd1 Qxa3 20. O-O Rdg8
21. g3 exd4 22. Bxd4 Nxd4 23. cxd4+ Kb8 24. Qf4+ Ka8 25. Qc7 Qf8 26. Bb3 Qd8
27. Qxf7 e3 28. Be6 exf2+ 29. Kh1 Qxd4 30. Qxg6 hxg6 31. Bxg8 a6 32. Rcd1 Qe3
0-1

[Event "Schachfestival Senioren"]
[Site "Bad Woerishofen"]
[Date "2011.03.30"]
[Round "8.1"]
[White "Krieger, Hermann"]
[Black "Weinwurm, Wolfgang"]
[Result "1-0"]
[WhiteElo "2172"]
[BlackElo "2202"]
[PlyCount "81"]
[EventDate "2011.??.??"]

1. e4 e5 2. Nf3 Nc6 3. Bc4 Nf6 4. d3 Bc5 5. c3 a6 6. O-O d6 7. Bb3 Ba7 8. h3 h6
9. Re1 O-O 10. Nbd2 Nh5 11. Nf1 Qf6 12. Be3 Nf4 13. d4 g5 14. N1h2 h5 15. Bc2
Kg7 16. Bxf4 gxf4 17. d5 Ne7 18. Kf1 Rg8 19. Ke2 Kh8 20. Rg1 Bd7 21. Qd3 c6 22.
dxc6 bxc6 23. g4 fxg3 24. Rxg3 Rxg3 25. fxg3 d5 26. Qxa6 Bc8 27. Qa5 Bb7 28.
Qc7 Ba6+ 29. Ke1 Bb8 30. Qa5 Kg7 31. h4 Bb7 32. Qb6 Bc8 33. Qe3 Ng6 34. Qg5 Qd6
35. Qxh5 Qc5 36. Qg5 f6 37. Qd2 Be6 38. h5 Ne7 39. h6+ Kh8 40. h7 Bc7 41. Qh6
1-0

[Event "Schachfestival Senioren"]
[Site "Bad Woerishofen"]
[Date "2011.03.30"]
[Round "8.6"]
[White "Bhend, Edwin"]
[Black "Minz, Michail"]
[Result "1-0"]
[WhiteElo "2252"]
[BlackElo "2079"]
[PlyCount "83"]
[EventDate "2011.??.??"]

1. e4 e6 2. d4 d5 3. Nc3 Nf6 4. e5 Nfd7 5. f4 a6 6. Nf3 c5 7. Be3 b5 8. dxc5
Nc6 9. Bd3 Nxc5 10. Ne2 Nxd3+ 11. cxd3 Bb4+ 12. Kf2 O-O 13. Rf1 Bd7 14. Kg1 f6
15. Rc1 Rc8 16. h3 fxe5 17. fxe5 Be8 18. Nf4 Bf7 19. d4 Be7 20. Qd2 Qd7 21. Nd3
Bg6 22. Nc5 Bxc5 23. Rxc5 Be4 24. Nh2 Rxf1+ 25. Nxf1 Ne7 26. Qc1 Rxc5 27. Qxc5
a5 28. Bd2 a4 29. Qd6 Qxd6 30. exd6 Nc6 31. d7 e5 32. Ba5 exd4 33. d8=Q+ Nxd8
34. Bxd8 Kf7 35. Bb6 d3 36. a3 h5 37. Kf2 Ke6 38. Bd4 g5 39. g4 h4 40. Nd2 Kf7
41. Nf3 Kg6 42. Be3 1-0

[Event "Schachfestival Senioren"]
[Site "Bad Woerishofen"]
[Date "2011.03.30"]
[Round "8.7"]
[White "Gross, Werner"]
[Black "Kierzek, Mira"]
[Result "1-0"]
[WhiteElo "2249"]
[BlackElo "2044"]
[PlyCount "51"]
[EventDate "2011.??.??"]

1. e4 e5 2. f4 d6 3. Nf3 Nc6 4. Bc4 Be7 5. O-O Nf6 6. d3 O-O 7. Nc3 exf4 8.
Bxf4 Na5 9. Bb3 Nxb3 10. axb3 a6 11. d4 Bg4 12. Qd3 Bh5 13. Rae1 c6 14. d5 Nd7
15. dxc6 Qb6+ 16. Be3 Qxc6 17. Nd4 Qc8 18. Nf5 Bf6 19. Nd5 Qb8 20. Nxf6+ Nxf6
21. Nxg7 Kxg7 22. Qd4 Qd8 23. Bg5 Kg8 24. Bxf6 Qc7 25. Rf5 Bg6 26. Qe3 1-0

[Event "Schachfestival Senioren"]
[Site "Bad Woerishofen"]
[Date "2011.03.30"]
[Round "8.10"]
[White "Villing, Dieter"]
[Black "Gudat, Alfons"]
[Result "1-0"]
[WhiteElo "2223"]
[BlackElo "2051"]
[PlyCount "27"]
[EventDate "2011.??.??"]

1. d4 Nf6 2. Nc3 d5 3. Bg5 Nbd7 4. f3 h6 5. Bh4 g5 6. Bg3 Bg7 7. e4 c6 8. h4
Nh5 9. Bf2 dxe4 10. fxe4 Nhf6 11. hxg5 hxg5 12. Rxh8+ Bxh8 13. e5 Nh7 14. Qh5
1-0

[Event "Schachfestival Senioren"]
[Site "Bad Woerishofen"]
[Date "2011.03.30"]
[Round "8.13"]
[White "Vavruska, Antonin"]
[Black "Klempt, Günter"]
[Result "1-0"]
[WhiteElo "2111"]
[BlackElo "2049"]
[PlyCount "57"]
[EventDate "2011.??.??"]

1. d4 Nf6 2. Nc3 d5 3. Bg5 h6 4. Bxf6 gxf6 5. e3 Bf5 6. Bd3 Qd7 7. Nf3 Nc6 8.
Qe2 O-O-O 9. O-O-O Bxd3 10. Qxd3 Rg8 11. g3 Qg4 12. Nh4 Qd7 13. Nf3 e6 14. e4
Bb4 15. exd5 exd5 16. Nh4 Bxc3 17. Qxc3 Kb8 18. Qf3 Rde8 19. c3 Re6 20. Rhe1
Rge8 21. Rxe6 Qxe6 22. Nf5 Rg8 23. h4 Rg6 24. Rd3 Rg8 25. Re3 Qd7 26. Nxh6 Re8
27. Qxf6 a6 28. Qxf7 Rh8 29. Qxd7 1-0

[Event "Schachfestival Senioren"]
[Site "Bad Woerishofen"]
[Date "2011.03.30"]
[Round "8.24"]
[White "Plischke, Berthold"]
[Black "Zschorsch, Peter"]
[Result "1-0"]
[WhiteElo "2054"]
[BlackElo "1973"]
[PlyCount "43"]
[EventDate "2011.??.??"]

1. e4 d5 2. exd5 Qxd5 3. Nc3 Qd8 4. d4 Nf6 5. Nf3 g6 6. Bg5 Bg7 7. Qd2 h6 8.
Bf4 a6 9. O-O-O Bg4 10. Be2 Nbd7 11. h3 Bf5 12. g4 Be4 13. Nxe4 Nxe4 14. Qe3
Nd6 15. Ne5 Nf8 16. c4 f6 17. c5 Nb5 18. Nc4 Qd5 19. Rhe1 Ne6 20. Bd3 Nbxd4 21.
Bxg6+ Kd8 22. Rxd4 1-0

[Event "Schachfestival Senioren"]
[Site "Bad Woerishofen"]
[Date "2011.03.30"]
[Round "8.25"]
[White "Kluger, Hans-Peter"]
[Black "Krotofil, Kurt"]
[Result "0-1"]
[WhiteElo "1944"]
[BlackElo "2039"]
[PlyCount "56"]
[EventDate "2011.??.??"]

1. e4 c5 2. Nf3 Nc6 3. d4 cxd4 4. Nxd4 Nf6 5. Nc3 e5 6. Nf5 d6 7. Bg5 Bxf5 8.
exf5 Be7 9. Bb5 O-O 10. Qd2 Nd4 11. Bd3 Qd7 12. Bxf6 gxf6 13. g4 Nf3+ 14. Ke2
Nxd2 15. Kxd2 d5 16. f3 Bb4 17. Ke2 Bxc3 18. bxc3 Rac8 19. h4 Rxc3 20. g5 Qc6
21. Kf2 e4 22. Be2 Rxc2 23. Rae1 exf3 24. Kxf3 d4+ 25. Kg4 Qe4+ 26. Kh5 Rxe2
27. Rh3 Qxf5 28. Rg3 Re4 0-1

[Event "Schachfestival Senioren"]
[Site "Bad Woerishofen"]
[Date "2011.03.30"]
[Round "8.30"]
[White "Wawrinsky, Ludwig"]
[Black "Kühner, Peter"]
[Result "1-0"]
[WhiteElo "1890"]
[BlackElo "2008"]
[PlyCount "59"]
[EventDate "2011.??.??"]

1. e4 e5 2. Bc4 Bc5 3. Nc3 Nc6 4. a3 a6 5. d3 h6 6. Nf3 d6 7. Be3 Bxe3 8. fxe3
Nf6 9. Qe2 Ne7 10. Nd5 Ng6 11. h3 c6 12. Nxf6+ Qxf6 13. Rf1 Qd8 14. Bxf7+ Kxf7
15. Nxe5+ Kg8 16. Nxg6 Kh7 17. Nxh8 Kxh8 18. O-O-O Be6 19. g4 Qg5 20. Rf4 b5
21. Rdf1 Kg8 22. Qf2 Qe7 23. h4 a5 24. g5 a4 25. gxh6 gxh6 26. Qg3+ Kh7 27. Rf6
Rg8 28. Qf4 Rg6 29. Rxg6 Kxg6 30. h5+ 1-0

[Event "Schachfestival Nestoren"]
[Site "Bad Woerishofen"]
[Date "2011.03.30"]
[Round "8.2"]
[White "Zohr, Adelbert"]
[Black "Hund, Gerhard"]
[Result "0-1"]
[WhiteElo "1939"]
[BlackElo "2109"]
[PlyCount "46"]
[EventDate "2011.??.??"]

1. c4 Nf6 2. g3 e5 3. Nc3 c6 4. e4 d6 5. Bg2 Be7 6. Nge2 Be6 7. d3 O-O 8. O-O
Qd7 9. d4 Bxc4 10. dxe5 dxe5 11. Qc2 Na6 12. a3 Qe6 13. b4 Rad8 14. f4 Bd3 15.
Qb2 exf4 16. Nxf4 Qc4 17. Nxd3 Rxd3 18. Bd2 Qd4+ 19. Rf2 Ng4 20. Nd1 Nxf2 21.
Qxd4 Rxd4 22. Be3 Rxd1+ 23. Rxd1 Nxd1 0-1

[Event "Schachfestival Nestoren"]
[Site "Bad Woerishofen"]
[Date "2011.03.30"]
[Round "8.4"]
[White "Grönegress, Wilfried"]
[Black "Bräu, Ludwig"]
[Result "1-0"]
[WhiteElo "2150"]
[BlackElo "2005"]
[PlyCount "47"]
[EventDate "2011.??.??"]

1. e4 c5 2. Nc3 Nc6 3. Bb5 g6 4. Bxc6 dxc6 5. d3 Bg7 6. f4 Nf6 7. Nf3 Bg4 8.
O-O Qd7 9. h3 Bxf3 10. Qxf3 h5 11. Be3 b6 12. a4 a5 13. Rad1 Qb7 14. f5 O-O 15.
Qg3 Kh7 16. Ne2 Rg8 17. fxg6+ fxg6 18. Nf4 Bh6 19. Ne6 Qd7 20. Ng5+ Bxg5 21.
Qxg5 Rg7 22. Rd2 Ng8 23. Rdf2 e6 24. Bd2 1-0

[Event "Schachfestival Nestoren"]
[Site "Bad Woerishofen"]
[Date "2011.03.30"]
[Round "8.1"]
[White "Schumacher, Helmut"]
[Black "Lainburg, Viktor"]
[Result "1/2-1/2"]
[WhiteElo "2085"]
[BlackElo "2190"]
[PlyCount "103"]
[EventDate "2011.??.??"]

1. d4 Nf6 2. Nc3 d6 3. e4 g6 4. Nge2 Bg7 5. g3 O-O 6. Bg2 e5 7. h3 Nbd7 8. O-O
c6 9. a4 Re8 10. Re1 exd4 11. Nxd4 d5 12. exd5 Rxe1+ 13. Qxe1 Nxd5 14. Nxd5
Bxd4 15. c3 Bc5 16. Nb4 Nf8 17. Bh6 Qe7 18. Qd2 Be6 19. Rd1 a5 20. Nd3 Rd8 21.
Bg5 f6 22. Be3 Bxe3 23. Qxe3 Qd7 24. Kh2 Bb3 25. Rd2 f5 26. Qb6 Bc4 27. Bf1 Ne6
28. b3 Ba6 29. c4 Qd4 30. Qxd4 Nxd4 31. Ne5 c5 32. Bg2 Re8 33. Bd5+ Kg7 34. f4
b6 35. Kg2 Bc8 36. Kf2 Kf6 37. h4 Rd8 38. Rd3 Be6 39. Bxe6 Kxe6 40. Nf3 h6 41.
Ne5 g5 42. hxg5 hxg5 43. Nf3 g4 44. Ne1 Kd6 45. Re3 Rh8 46. Kg2 Rh7 47. Rd3 Re7
48. Kf1 Kc6 49. Ng2 Rd7 50. Ne3 Rh7 51. Kg2 Re7 52. Kf1 1/2-1/2

[Event "Schachfestival"]
[Site "Bad WÃ¶rishofen"]
[Date "2011.03.31"]
[Round "9.1"]
[White "Kasparov, Sergey"]
[Black "Tiviakov, Sergei"]
[Result "1-0"]
[WhiteElo "2473"]
[BlackElo "2624"]
[PlyCount "94"]
[EventDate "2011.??.??"]

1. e4 c5 2. Nf3 Nc6 3. Bb5 d6 4. O-O Bd7 5. Re1 Nf6 6. c3 a6 7. Bf1 Bg4 8. d3
e6 9. Nbd2 d5 10. h3 Bh5 11. g3 Be7 12. Bg2 O-O 13. Qe2 Nd7 14. Nf1 dxe4 15.
dxe4 b5 16. a4 c4 17. axb5 axb5 18. Rxa8 Qxa8 19. g4 Bg6 20. Nd4 Nxd4 21. cxd4
Qa2 22. f4 f6 23. Ng3 Bf7 24. g5 fxg5 25. fxg5 Qb3 26. Kh2 Nb6 27. h4 Bb4 28.
Rf1 Qd3 29. Qxd3 cxd3 30. Rd1 Rc8 31. Bd2 Bxd2 32. Rxd2 Rc2 33. Rxd3 Rxb2 34.
Ra3 Na4 35. Kg1 e5 36. d5 g6 37. Bh3 Be8 38. Be6+ Kg7 39. h5 b4 40. Rf3 gxh5
41. Nf5+ Kg6 42. Nd6 b3 43. Nxe8 Rb1+ 44. Kf2 b2 45. Bf7+ Kxg5 46. Rf5+ Kg4 47.
Nf6+ Kh3 1-0

[Event "Schachfestival"]
[Site "Bad WÃ¶rishofen"]
[Date "2011.03.31"]
[Round "9.2"]
[White "Huschenbeth, Niclas"]
[Black "Gaponenko, Inna"]
[Result "1/2-1/2"]
[WhiteElo "2465"]
[BlackElo "2434"]
[PlyCount "94"]
[EventDate "2011.??.??"]

1. e4 c5 2. Nf3 Nc6 3. d4 cxd4 4. Nxd4 g6 5. c4 Nf6 6. Nc3 Nxd4 7. Qxd4 d6 8.
Be2 Bg7 9. Be3 O-O 10. Qd2 a5 11. O-O a4 12. Rad1 Qa5 13. Bd4 Bd7 14. Bxf6 Bxf6
15. Nd5 Qxd2 16. Rxd2 Kg7 17. c5 Bc6 18. cxd6 Bxd5 19. dxe7 Rfe8 20. exd5 Bxe7
21. a3 Bd6 22. g3 Rec8 23. f4 Ra5 24. f5 f6 25. g4 Rcc5 26. Bf3 Ra6 27. Re1 Be5
28. Re4 Kf7 29. fxg6+ hxg6 30. h4 b5 31. h5 Rd6 32. Re1 Kg7 33. Kg2 Rc4 34. Be4
gxh5 35. gxh5 b4 36. Kf3 bxa3 37. Rg2+ Kh8 38. bxa3 f5 39. Bd3 Rf4+ 40. Ke3
Rxd5 41. Reg1 Bd4+ 42. Kxf4 Bxg1 43. Bxf5 Bc5 44. Ke4 Rd8 45. Rc2 Bxa3 46. Ra2
Bc5 47. Rxa4 Rd4+ 1/2-1/2

[Event "Schachfestival"]
[Site "Bad WÃ¶rishofen"]
[Date "2011.03.31"]
[Round "9.3"]
[White "Zubarev, Alexander"]
[Black "Nabaty, Tamir"]
[Result "1-0"]
[WhiteElo "2594"]
[BlackElo "2581"]
[PlyCount "67"]
[EventDate "2011.??.??"]

1. e4 e5 2. Nf3 Nc6 3. Bb5 a6 4. Ba4 Bc5 5. O-O Nf6 6. c3 O-O 7. d3 d6 8. Nbd2
Ba7 9. a3 Ne7 10. Re1 Ng6 11. Nf1 Nh5 12. d4 Nhf4 13. Ng3 h6 14. Be3 Qf6 15.
Bc2 Ne7 16. Bxf4 exf4 17. Nh5 Qg6 18. Nxf4 Qf6 19. Nh5 Qg6 20. Ng3 Qf6 21. e5
dxe5 22. Nxe5 g6 23. Bb3 Nc6 24. Ne4 Qg7 25. Nxc6 bxc6 26. Qf3 Bf5 27. Ng3 Bd7
28. Re7 Rad8 29. Rae1 c5 30. Ne4 Bf5 31. Nxc5 Bb6 32. Nxa6 Rd6 33. Nxc7 Bd7 34.
Ne8 1-0

[Event "Schachfestival"]
[Site "Bad WÃ¶rishofen"]
[Date "2011.03.31"]
[Round "9.7"]
[White "Siebrecht, Sebastian"]
[Black "Meijers, Viesturs"]
[Result "1-0"]
[WhiteElo "2435"]
[BlackElo "2493"]
[PlyCount "71"]
[EventDate "2011.??.??"]

1. d4 Nf6 2. Nf3 e6 3. e3 c5 4. c4 d5 5. Nc3 dxc4 6. Bxc4 a6 7. a4 Nc6 8. O-O
Be7 9. Qe2 cxd4 10. Rd1 O-O 11. exd4 Nb4 12. Bg5 Re8 13. Re1 Nfd5 14. Nxd5 Nxd5
15. Bxe7 Rxe7 16. Qe4 Nf6 17. Qh4 Bd7 18. Ne5 Be8 19. Re3 Rc7 20. Bd3 g6 21.
Rh3 Rac8 22. Qf4 Nd5 23. Qh6 f5 24. Bc4 Qd6 25. Re1 Qb4 26. Kf1 Qxb2 27. Bxd5
exd5 28. g4 f4 29. Qxf4 Rc1 30. Rhe3 Qd2 31. Rxc1 Rxc1+ 32. Kg2 Qd1 33. Rf3
Qg1+ 34. Kh3 h5 35. Qf8+ Kh7 36. Rf7+ 1-0

[Event "Schachfestival"]
[Site "Bad WÃ¶rishofen"]
[Date "2011.03.31"]
[Round "9.9"]
[White "Dirr, Ulrich"]
[Black "Mainka, Romuald"]
[Result "0-1"]
[WhiteElo "2238"]
[BlackElo "2493"]
[PlyCount "56"]
[EventDate "2011.??.??"]

1. Nf3 c5 2. c4 Nc6 3. g3 g6 4. Bg2 Bg7 5. O-O d6 6. Nc3 e5 7. a3 Nge7 8. b4
O-O 9. Rb1 Bf5 10. d3 Qd7 11. Ne1 cxb4 12. axb4 Bh3 13. Bxh3 Qxh3 14. b5 Nd4
15. Ba3 Qd7 16. Ne4 Nc8 17. e3 Ne6 18. f4 f5 19. Nd2 Re8 20. Qf3 Nb6 21. Nc2 d5
22. Nb4 e4 23. Qe2 exd3 24. Qxd3 Nc5 25. Qe2 d4 26. Rf3 Rad8 27. Bb2 Qe6 28.
Re1 d3 0-1

[Event "Schachfestival"]
[Site "Bad WÃ¶rishofen"]
[Date "2011.03.31"]
[Round "9.10"]
[White "Zude, Arno"]
[Black "Friedrich, Norbert"]
[Result "1-0"]
[WhiteElo "2443"]
[BlackElo "2316"]
[PlyCount "77"]
[EventDate "2011.??.??"]

1. e4 c5 2. Nf3 e6 3. d4 cxd4 4. Nxd4 a6 5. Bd3 Nf6 6. O-O Qc7 7. Qe2 Bd6 8.
Kh1 Nc6 9. Nxc6 dxc6 10. f4 e5 11. f5 b5 12. a4 Bb7 13. Nc3 h6 14. Be3 Qe7 15.
Bf2 Bc5 16. Bh4 Qc7 17. Nb1 Be7 18. Nd2 Rd8 19. Bg3 O-O 20. Nf3 Nd7 21. c3 Bf6
22. Bc2 Nb6 23. b3 Rfe8 24. Rfd1 Rd7 25. Rxd7 Nxd7 26. b4 Rb8 27. c4 bxa4 28.
c5 a5 29. Rxa4 axb4 30. Qc4 Ra8 31. Rxa8+ Bxa8 32. Bb3 Nf8 33. Nxe5 Qa7 34. h3
Bxe5 35. Bxe5 Nh7 36. Qd4 Qa3 37. Bxf7+ Kxf7 38. Qd7+ Kf8 39. Bd6+ 1-0

[Event "Schachfestival"]
[Site "Bad WÃ¶rishofen"]
[Date "2011.03.31"]
[Round "9.11"]
[White "Von Gleich, Alexander"]
[Black "Zaslavsky, Mihail"]
[Result "0-1"]
[WhiteElo "2335"]
[BlackElo "2431"]
[PlyCount "38"]
[EventDate "2011.??.??"]

1. Nf3 c5 2. c4 Nc6 3. b3 e5 4. d3 e4 5. Bg5 f6 6. Bf4 exf3 7. gxf3 g5 8. Bd2
Bg7 9. Nc3 Nge7 10. f4 d5 11. e4 dxc4 12. Qh5+ Kf8 13. fxg5 Qe8 14. Qxe8+ Kxe8
15. gxf6 Bxf6 16. bxc4 Nd4 17. O-O-O Bg4 18. Re1 Nf3 19. e5 Bg7 0-1

[Event "Schachfestival"]
[Site "Bad WÃ¶rishofen"]
[Date "2011.03.31"]
[Round "9.13"]
[White "Bukal, Vladimir"]
[Black "de Francesco, Klaus"]
[Result "1-0"]
[WhiteElo "2402"]
[BlackElo "2282"]
[PlyCount "75"]
[EventDate "2011.??.??"]

1. d4 Nf6 2. c4 e6 3. Nc3 Bb4 4. g3 O-O 5. Bg2 d5 6. a3 Be7 7. Nf3 a6 8. O-O
dxc4 9. Ne5 Nc6 10. Bxc6 bxc6 11. Nxc6 Qd6 12. Nxe7+ Qxe7 13. Qa4 c5 14. Qxc4
cxd4 15. Qxd4 e5 16. Qh4 Qe6 17. e4 h6 18. f3 Qb6+ 19. Rf2 Bb7 20. g4 Nh7 21.
Qe7 Rfe8 22. Qb4 Qa7 23. Kg2 Rad8 24. Qc4 Rd6 25. Qe2 Red8 26. Be3 Qa8 27. Rff1
Nf8 28. Rad1 Ne6 29. Rxd6 Rxd6 30. Rd1 Qd8 31. Rxd6 Qxd6 32. Qd2 Qc7 33. Nd5
Qc4 34. Kf2 Nd4 35. Ne7+ Kh7 36. Bxd4 exd4 37. Nf5 d3 38. Qc3 1-0

[Event "Schachfestival"]
[Site "Bad WÃ¶rishofen"]
[Date "2011.03.31"]
[Round "9.16"]
[White "Pirrot, Dieter"]
[Black "Tscharotschkin, Michael"]
[Result "1-0"]
[WhiteElo "2393"]
[BlackElo "2218"]
[PlyCount "45"]
[EventDate "2011.??.??"]

1. e4 c5 2. c3 d5 3. exd5 Qxd5 4. d4 cxd4 5. cxd4 Nc6 6. Nf3 e5 7. Nc3 Bb4 8.
Be2 e4 9. O-O Bxc3 10. bxc3 exf3 11. Bxf3 Qd6 12. Qb3 Nge7 13. Ba3 Qf6 14. Rfe1
O-O 15. Bxc6 Nxc6 16. Bxf8 Kxf8 17. Qa3+ Ne7 18. d5 Bd7 19. Re3 Re8 20. Rae1 g6
21. d6 Be6 22. Rf3 Bf5 23. dxe7+ 1-0

[Event "Schachfestival"]
[Site "Bad WÃ¶rishofen"]
[Date "2011.03.31"]
[Round "9.18"]
[White "Singer, Christoph"]
[Black "Schulz, Michael"]
[Result "1-0"]
[WhiteElo "2373"]
[BlackElo "2232"]
[PlyCount "63"]
[EventDate "2011.??.??"]

1. e4 e6 2. d4 d5 3. Nd2 Nf6 4. e5 Nfd7 5. f4 c5 6. Ngf3 Nc6 7. Nb3 c4 8. Nbd2
h6 9. Be2 g5 10. Nf1 g4 11. Ng1 Rg8 12. Ne3 f5 13. exf6 Nxf6 14. g3 h5 15. c3
Ne4 16. Qc2 b5 17. Bf1 Qa5 18. Ne2 Nb4 19. cxb4 Bxb4+ 20. Nc3 Bd7 21. Bd2 Nxd2
22. Qxd2 O-O-O 23. Bg2 h4 24. O-O Be7 25. Rf2 b4 26. Ne2 h3 27. Bh1 Qb6 28. a3
a5 29. axb4 axb4 30. f5 Bg5 31. Nf4 Kc7 32. Nexd5+ 1-0

[Event "Schachfestival"]
[Site "Bad WÃ¶rishofen"]
[Date "2011.03.31"]
[Round "9.28"]
[White "Lütt, Michael"]
[Black "Kugelmann, Werner"]
[Result "0-1"]
[WhiteElo "2097"]
[BlackElo "2247"]
[PlyCount "64"]
[EventDate "2011.??.??"]

1. d4 Nf6 2. Nc3 d5 3. Bg5 Nbd7 4. Qd3 c6 5. Bxf6 Nxf6 6. e4 dxe4 7. Nxe4 Nxe4
8. Qxe4 Qa5+ 9. c3 Be6 10. Nf3 Bd5 11. Qc2 Bxf3 12. gxf3 O-O-O 13. Bc4 e6 14.
O-O-O g6 15. Qe4 Bd6 16. Kb1 Rhe8 17. Qh4 h5 18. Rhe1 Qc7 19. h3 Kb8 20. b4 a5
21. a3 axb4 22. axb4 Re7 23. Kc2 Red7 24. Re4 Bf8 25. Qf6 c5 26. bxc5 Bxc5 27.
Qe5 Bd6 28. Qb5 Rc8 29. Re3 Bf4 30. Re4 g5 31. Kd3 Rd6 32. Rb1 Rb6 0-1